5HLuxD.jpg

KING HENRY VIII SENIOR AND PRIMARY SCHOOL LIBRARY OPAC

The spell of Pencliff (Record no. 3564)

000 -LEADER
fixed length control field 01039nam a22002177a 4500
005 - DATE AND TIME OF LATEST TRANSACTION
control field 20240223133446.0
008 - FIXED-LENGTH DATA ELEMENTS--GENERAL INFORMATION
fixed length control field 240223b ||||| |||| 00| 0 eng d
020 ## - INTERNATIONAL STANDARD BOOK NUMBER
International Standard Book Number 9781909129719
040 ## - CATALOGING SOURCE
Transcribing agency KH8
082 ## - DEWEY DECIMAL CLASSIFICATION NUMBER
Classification number FIC HOB
100 ## - MAIN ENTRY--PERSONAL NAME
Personal name Hobbs, Wendy
Relator term Author
245 ## - TITLE STATEMENT
Title The spell of Pencliff
Statement of responsibility, etc. Wendy Hobbs
260 ## - PUBLICATION, DISTRIBUTION, ETC.
Place of publication, distribution, etc. UK, United Kingdom,
Name of publisher, distributor, etc. Onion Custard Publishing Ltd,
Date of publication, distribution, etc. 2015
300 ## - PHYSICAL DESCRIPTION
Extent 171 pages ;
Dimensions 21 cm.
440 ## - SERIES STATEMENT/ADDED ENTRY--TITLE
Title Claudia Quash series
Volume/sequential designation 1
520 ## - SUMMARY, ETC.
Summary, etc. On her thirteenth birthday, Claudia Quash receives a mysterious letter. It unlocks an unsolved crime, and Claudie has to clear her family name. Little does she know that she'll be transported back in time into a magical world, where she also discovers special powers of her own. On her journey she'll be chasing criminals, making new friends, and facing a dark terror that hovers over the land. If she can't solve the mystery she might never return home<br/>
650 ## - SUBJECT ADDED ENTRY--TOPICAL TERM
Topical term or geographic name entry element Fantasy fiction
650 ## - SUBJECT ADDED ENTRY--TOPICAL TERM
Topical term or geographic name entry element Fiction
650 ## - SUBJECT ADDED ENTRY--TOPICAL TERM
Topical term or geographic name entry element Young adult fiction
942 ## - ADDED ENTRY ELEMENTS (KOHA)
Source of classification or shelving scheme
Koha item type Books - Fiction
Holdings
Withdrawn status Lost status Source of classification or shelving scheme Damaged status Not for loan Collection code Permanent Location Current Location Shelving location Date acquired Total Checkouts Full call number Barcode Date last seen Date last checked out Price effective from Koha item type
          Fiction KH8 Primary School Library KH8 Primary School Library Fiction 2024-02-23 2 FIC HOB KHPL000004488 2025-12-05 2025-03-05 2024-02-23 Books - Fiction

Powered By KH8 IT Dept